[Event "Stuttgart-chB int"]
[Site "Gerlingen"]
[Date "2011.06.02"]
[Round "2"]
[White "Aleman, Tilman"]
[Black "Lin, Jean Claude"]
[Result "1-0"]
[WhiteElo "1629"]
[BlackElo "1348"]
[PlyCount "81"]
[EventDate "2011.06.02"]
[EventType "swiss"]
[EventRounds "7"]
[EventCountry "GER"]
[SourceTitle "EXT 2018"]
[Source "ChessBase"]
[SourceDate "2017.10.13"]
[SourceVersion "1"]
[SourceVersionDate "2017.10.13"]
[SourceQuality "1"]

1. c4 c5 2. Nf3 Nf6 3. Nc3 Nc6 4. d4 cxd4 5. Nxd4 e5 6. Nxc6 bxc6 7. e4 h6 8. a3 Bb7 9. Be3 Be7 10. Be2 0-0 11. 0-0 d5 12. Qc2 d4 13. Rfd1 Qc7 14. Bxd4 exd4 15. Rxd4 Bc5 16. Rdd1 Rae8 17. Rab1 Bd6 18. g3 Re6 19. b4 c5 20. Nd5 Nxd5 21. exd5 Re7 22. Bf1 Rfe8 23. Qd3 Bc8 24. bxc5 Bxc5 25. d6 Bxf2+ 26. Kxf2 Qc5+ 27. Qd4 Qf5+ 28. Qf4 Qc5+ 29. Qd4 Qf5+ 30. Kg1 Rd7 31. c5 Red8 32. Bb5 Rb7 33. Bd3 Qf3 34. Be4 Qxa3 35. Bxb7 Bh3 36. c6 Rb8 37. d7 Kh7 38. Qd3+ Qxd3 39. Rxd3 Bf5 40. Rbd1 Bxd3 41. Rxd3 1-0

[Event "Stuttgart-chB int"]
[Site "Ditzingen"]
[Date "2008.05.04"]
[Round "7"]
[White "Schmitz, Harald"]
[Black "Aleman, Tilman"]
[Result "1-0"]
[WhiteElo "1559"]
[BlackElo "1351"]
[PlyCount "43"]
[EventDate "2008.05.01"]
[EventType "swiss"]
[EventRounds "7"]
[EventCountry "GER"]
[SourceTitle "EXT 2018"]
[Source "ChessBase"]
[SourceDate "2017.10.13"]
[SourceVersion "1"]
[SourceVersionDate "2017.10.13"]
[SourceQuality "1"]

1. e4 e6 2. d4 d5 3. exd5 exd5 4. Bd3 Nf6 5. Ne2 Be7 6. 0-0 0-0 7. Bf4 Be6 8. Re1 Re8 9. c3 Nbd7 10. Qc2 h6 11. Ng3 Nf8 12. Nd2 N8h7 13. Nf3 Bd6 14. Ne5 g6 15. Bxh6 g5 16. f4 gxf4 17. Bxf4 Kg7 18. Qd2 Ng4 19. Nh5+ Kh8 20. h3 Nxe5 21. Bxe5+ Bxe5 22. Qh6 1-0